01094nam a2200193Ia 4500001001100000003001000011008004100021040002500062041001300087100002700100245007000127250001100197260006600208300001200274500023300286501011400519520023300633650003400866L251-17979IT-CnALBA170116s9999||||xx |||||||||||||| ||und|| aIT-CnALBAcIT-CnALBA aITALIANO aFRANCO P. SECONDO, SJ. 0aOPERE. VOL. IV, PARTE II: MESE DI MAGGIO. IL S. CUORE DI MA RIA.  a2a ed. aARC. MODENA.bIMMAC. CONCEZ. TIP. PONT.c1882 [1° Ed.: n.d.] a397 p.  aMALIZIE ED EFFETTI DEL PECCATO. MORTE. GIUDIZIO. INFERNO. MISERICORDIA DI DIO. CONVERSIONE. DOLORE DEI PECCATI. OCCASIONI. SEQUELA. EUCARISTIA. DIVERTIMENTI. SCANDALO. DISONESTÀ. MARIA. LODI. LITANIE. VIRTÙ. GIOIE E DOLORI.  aSocietà San Paolo EM - Piazza San Paolo, 14 - 12051 ALBA (CN) (non commercial uses only) ® Copyright 2017 aMALIZIE ED EFFETTI DEL PECCATO. MORTE. GIUDIZIO. INFERNO. MISERICORDIA DI DIO. CONVERSIONE. DOLORE DEI PECCATI. OCCASIONI. SEQUELA. EUCARISTIA. DIVERTIMENTI. SCANDALO. DISONESTÀ. MARIA. LODI. LITANIE. VIRTÙ. GIOIE E DOLORI.  aPREDICAZIONE - ORATORIA SACRA